| 000 | 00972nam a2200217Ia 4500 | ||
|---|---|---|---|
| 001 | 8844 | ||
| 003 | GE_BSU | ||
| 008 | 181216s||||||||xx |||||||||||||| ||und|| | ||
| 040 | _cGE_BSU | ||
| 100 | _aკარბელაშვილი,გივი | ||
| 245 | _aრაც მიფიქრია, რაც განმიცდია | ||
| 245 | _bწერილები, ლიტ.ნარკვევები, მხატვრული ჩანახატები | ||
| 245 | _cრედ:ზ.კილაძე,მხატვ:ი.ქლიბაძე | ||
| 260 | _aთბილისი | ||
| 260 | _bსაბჭოთა საქართველო | ||
| 260 | _c1975 | ||
| 300 | _a269გვ,19სმ | ||
| 653 | _aრაც მიფიქრია, რაც განმიცდია | ||
| 653 | _aწერილები, ლიტ.ნარკვევები, მხატვრული ჩანახატები | ||
| 942 | _cBK | ||
| 999 |
_c42151 _d42151 |
||